UM Logo

Why do restatements decrease in a clawback environment? an investigation into financial reporting executives' decision-making during the restatement process/ (Record no. 3684)

MARC details
000 -LEADER
fixed length control field 00665nam a2200169 4500
008 - FIXED-LENGTH DATA ELEMENTS--GENERAL INFORMATION
fixed length control field 160804b xxu||||| |||| 00| 0 eng d
022 ## - INTERNATIONAL STANDARD SERIAL NUMBER
International Standard Serial Number 00014826
082 ## - DEWEY DECIMAL CLASSIFICATION NUMBER
Classification number DPer 657.05 Ac27 Nov 2015 v. 90, n. 6
100 ## - MAIN ENTRY--PERSONAL NAME
9 (RLIN) 12269
Personal name Pyzoha, Jonathan S.
243 ## - COLLECTIVE UNIFORM TITLE
Unifor title <a href=" "> </a>
245 ## - TITLE STATEMENT
Title Why do restatements decrease in a clawback environment? an investigation into financial reporting executives' decision-making during the restatement process/
Statement of responsibility, etc. Jonathan S. Pyzoha
260 ## - PUBLICATION, DISTRIBUTION, ETC. (IMPRINT)
Place of publication, distribution, etc. Sarasota, Florida:
Name of publisher, distributor, etc. American Accounting Association, .
Date of publication, distribution, etc. ©2015.
300 ## - PHYSICAL DESCRIPTION
Extent v90 n6, pages 2515-2536;
Dimensions 26 cm
500 ## - GENERAL NOTE
General note The Accounting Review
650 #0 - SUBJECT ADDED ENTRY--TOPICAL TERM
9 (RLIN) 19414
Topical term or geographic name as entry element Finance
942 ## - ADDED ENTRY ELEMENTS (KOHA)
Source of classification or shelving scheme Dewey Decimal Classification
Koha item type Periodicals
Holdings
Withdrawn status Lost status Source of classification or shelving scheme Damaged status Not for loan Collection code Home library Current library Date acquired Total Checkouts Full call number Date last seen Koha item type Public note
    Dewey Decimal Classification     Periodicals UM Digos College - LIC UM Digos College - LIC 08/04/2016   DPer 657.05 Ac27 Nov 2015 v. 90, n. 6 08/04/2016 Periodicals Periodical article